Your body's many crisis for water : (Record no. 129242)

MARC details
000 -LEADER
fixed length control field 00713nam a22002177a 4500
005 - DATE AND TIME OF LATEST TRANSACTION
control field 20170124110053.0
010 ## - LIBRARY OF CONGRESS CONTROL NUMBER
LC control number A-704251
020 ## - INTERNATIONAL STANDARD BOOK NUMBER
Terms of availability 60.00
035 ## - SYSTEM CONTROL NUMBER
System control number A-704251
037 ## - SOURCE OF ACQUISITION
Source of stock number/acquisition Cen Lib/Ret
082 ## - DEWEY DECIMAL CLASSIFICATION NUMBER
Classification number 613
Item number BAT
100 ## - MAIN ENTRY--PERSONAL NAME
Personal name Batmanghelidj, F.
9 (RLIN) 25816
245 ## - TITLE STATEMENT
Title Your body's many crisis for water :
Statement of responsibility, etc by F. Batmanghelidj
Remainder of title dont treat thirst with medications /
260 ## - PUBLICATION, DISTRIBUTION, ETC. (IMPRINT)
Place of publication, distribution, etc New Delhi
Name of publisher, distributor, etc Rupa & Co.
Date of publication, distribution, etc 1993
270 ## - ADDRESS
City New Delhi
Address 7/16, ansari road, dariya ganj
Postal code 110002
300 ## - PHYSICAL DESCRIPTION
Extent 154p.
Dimensions 20cm(Hb)
500 ## - GENERAL NOTE
General note Includes bibliographical references
650 ## - SUBJECT ADDED ENTRY--TOPICAL TERM
Topical term or geographic name as entry element Medical science
9 (RLIN) 101971
650 ## - SUBJECT ADDED ENTRY--TOPICAL TERM
Topical term or geographic name as entry element Information amnd recomendations
9 (RLIN) 25818
942 ## - ADDED ENTRY ELEMENTS (KOHA)
Source of classification or shelving scheme Dewey Decimal Classification
Koha item type English Books
Classification part 613
Call number suffix BAT
Holdings
Withdrawn status Lost status Damaged status Not for loan Home library Current library Date acquired Source of acquisition Cost, normal purchase price Total Checkouts Full call number Barcode Date last seen Copy number Cost, replacement price Price effective from Koha item type Public note
Written off       Central Library Central Library 04/07/2015 Cen Lib/Ret 60.00   613 BAT A-704251 04/07/2015 1 60.00 04/07/2015 English Books Written off on approval by DLB (By Circulation); dtd 15-06-2023

© Delhi Public Library
Hit Counter
free hit counter